Adobe Illustrator 7.0: curso completo en un libro

Gespeichert in:
Bibliographische Detailangaben
Format: Buch
Sprache:Spanisch
Veröffentlicht: Ciudad de México Prentice Hall Hispanoamericana 1998
Schlagworte:
Tags: Tag hinzufügen
Keine Tags, Fügen Sie den ersten Tag hinzu!

MARC

LEADER 00000nam a2200000 a 4500
001 UCH4322
003 CL-VaPUC
008 090818e19980000MX |||||||||||||||||spa|d
020 |a 9701700414 
082 0 4 |a 005.369  |b ADO  |2 21 
245 1 0 |a Adobe Illustrator 7.0: curso completo en un libro 
300 |a 327 p 
942 |c BK 
945 |d 20090818 00:00:00  |a lazolas 
260 |a Ciudad de México  |b Prentice Hall Hispanoamericana  |c 1998 
500 |a Incluye Cd-Rom 
650 7 |a SOFTWARE - MANUALES  |2 CL-VaPUC  |9 539833 
650 0 |a Adobe Illustrator   |9 455906 
583 |a last modification  |c 20090818 00:00:00  |k Rodrigo Vera 
999 |c 335654  |d 335652